The SAGE handbook of human resource management /

Salvato in:
Dettagli Bibliografici
Altri autori: Wilkinson, Adrian, 1963-
Natura: Libro
Pubblicazione: Los Angeles ; London : SAGE, 2009.
Soggetti:
Tags: Aggiungi Tag
Nessun Tag, puoi essere il primo ad aggiungerne!!

MARC

LEADER 00000cam a22000004a 4500
020 |a 9781412928298 (hbk.)  |c TZS 232,472 
040 |a MUL  |b eng  |e AACR 
082 0 4 |a 658.3 SAG 
245 0 4 |a The SAGE handbook of human resource management /  |c edited by Adrian Wilkinson ... [et al.]. 
260 |a Los Angeles ;  |a London :  |b SAGE,  |c 2009. 
300 |a xx, 592 p. :  |b ill. ;  |c 26 cm. 
504 |a Includes bibliographical references and index. 
650 0 |a Personnel management. 
700 1 |a Wilkinson, Adrian,  |d 1963- 
942 |c BK 
999 |c 10215  |d 10215